English for Science and Engineering: электронный курс
| 1. autor: | |
|---|---|
| Korporacja: | |
| Streszczenie: | Заглавие с экрана Курс предназначен для ученых, научных сотрудников, аспирантов, докторантов, постдоков, занимающихся научно-исследовательской работой. Рассматриваемые темы позволят Вам расширить кругозор в области работы зарубежных фондов и других организаций, поддерживающих исследования. Вы познакомитесь с банком актуальных научно-исследовательских проектов, выполняемых учеными в разных странах, обсудите эффект результатов научных исследований, внедренных в промышленность и реализуемых для общества. В онлайн части данной учебной дисциплины Вы будете общаться с коллегами, выражать свое мнение, читать и смотреть видео о последних научных разработках и открытиях, сделанных в передовых университетах и компаниях. Устные и письменные умения коммуникации, совершенствуемые в предлагаемых заданиях, а также словарный запас по курсу сформирован так, чтобы помочь Вам найти и установить контакт с зарубежными научно-исследовательскими организациями и представить себя и свою научно-исследовательскую деятельность. Доступ по логину и паролю |
| Język: | rosyjski |
| Wydane: |
Томск, TPU Moodle, 2017
|
| Hasła przedmiotowe: | |
| Dostęp online: | https://design.lms.tpu.ru/course/view.php?id=1021 |
| Format: | MixedMaterials Elektroniczne Książka |
| KOHA link: | https://koha.lib.tpu.ru/cgi-bin/koha/opac-detail.pl?biblionumber=666810 |
MARC
| LEADER | 00000nlm0a2200000 4500 | ||
|---|---|---|---|
| 001 | 666810 | ||
| 005 | 20240212112113.0 | ||
| 035 | |a (RuTPU)RU\TPU\network\38014 | ||
| 035 | |a RU\TPU\network\17384 | ||
| 090 | |a 666810 | ||
| 100 | |a 20220128d2017 m y0rusy50 ca | ||
| 101 | 0 | |a rus | |
| 102 | |a RU | ||
| 105 | |a a j 000zy | ||
| 135 | |a jrcn ---uucaa | ||
| 181 | 0 | |a i | |
| 182 | 0 | |a b | |
| 200 | 1 | |a English for Science and Engineering |e электронный курс |d Английский в научных и инженерных целях |f И. В. Слесаренко |g Национальный исследовательский Томский политехнический университет (ТПУ), Институт развития стратегического партнерства и компетенций (ИСПК), Кафедра методики преподавания иностранных языков (МПИЯ) | |
| 203 | |a Текст |c электронный | ||
| 210 | |a Томск |c TPU Moodle |d 2017 | ||
| 300 | |a Заглавие с экрана | ||
| 330 | |a Курс предназначен для ученых, научных сотрудников, аспирантов, докторантов, постдоков, занимающихся научно-исследовательской работой. Рассматриваемые темы позволят Вам расширить кругозор в области работы зарубежных фондов и других организаций, поддерживающих исследования. Вы познакомитесь с банком актуальных научно-исследовательских проектов, выполняемых учеными в разных странах, обсудите эффект результатов научных исследований, внедренных в промышленность и реализуемых для общества. В онлайн части данной учебной дисциплины Вы будете общаться с коллегами, выражать свое мнение, читать и смотреть видео о последних научных разработках и открытиях, сделанных в передовых университетах и компаниях. Устные и письменные умения коммуникации, совершенствуемые в предлагаемых заданиях, а также словарный запас по курсу сформирован так, чтобы помочь Вам найти и установить контакт с зарубежными научно-исследовательскими организациями и представить себя и свою научно-исследовательскую деятельность. | ||
| 333 | |a Доступ по логину и паролю | ||
| 510 | 1 | |a Английский в научных и инженерных целях |z rus | |
| 606 | 1 | |a Английский язык |x Учебные руководства и пособия |x Учебные руководства и пособия для высшей школы |2 stltpush |3 (RuTPU)RU\TPU\subj\29071 |9 52483 | |
| 610 | 1 | |a электронный ресурс | |
| 610 | 1 | |a труды учёных ТПУ | |
| 610 | 1 | |a электронное обучение | |
| 610 | 1 | |a электронные курсы ТПУ | |
| 610 | 1 | |a смешанное обучение | |
| 610 | 1 | |a электронные учебные пособия | |
| 610 | 1 | |a инновации | |
| 610 | 1 | |a технологии | |
| 610 | 1 | |a научно-исследовательские организации | |
| 610 | 1 | |a проекты | |
| 610 | 1 | |a инженерное мышление | |
| 610 | 1 | |a ученые | |
| 686 | |a Ш143.21-923 |2 rubbk | ||
| 700 | 1 | |a Слесаренко |b И. В. |c лингвист |c заведующий кафедрой, главный эксперт Томского политехнического университета, кандидат педагогических наук |f 1975- |g Инга Валерьевна |3 (RuTPU)RU\TPU\pers\24484 |9 10807 | |
| 712 | 0 | 2 | |a Национальный исследовательский Томский политехнический университет (ТПУ) |b Институт развития стратегического партнерства и компетенций (ИСПК) |b Кафедра методики преподавания иностранных языков (МПИЯ) |3 (RuTPU)RU\TPU\col\18976 |
| 801 | 2 | |a RU |b 63413507 |c 20220713 |g RCR | |
| 856 | 4 | |u https://design.lms.tpu.ru/course/view.php?id=1021 | |
| 942 | |c CF | ||